Statistics for Inazuma Eleven GO avatars used by main characters

Click here to take the quiz!

General Stats

  • This quiz has been taken 22 times
  • The average score is 4 of 8

Answer Stats

PlayerAvatar% Correct
Riccardo di RigoMaster Conductor Maestro
74%
Jean-Pierre LapinDefender of Earth Atlas
58%
Arion SherwindHeavenly Horse Arch Pegasus
58%
Victor BladeHeroic Swordsman Lancelot
58%
Sol DaystarSun Deity Apollo
58%
Ryoma NishikiBrave Samurai Musashi
53%
Arion SherwindWinged Steed Pegasus
53%
Njord SnioSnow Nymph Chione
37%

Score Distribution

Percentile by Number Answered

Percent of People with Each Score

Your Score History

You have not taken this quiz